Le drame des Romanov

Salvato in:
Dettagli Bibliografici
Autore principale: Saint Pierre, Michel de (Autore)
Natura: Libro
Lingua:francese
Pubblicazione: París Robert Laffont 1967
Serie:Oeuvres de Michel de Saint Pierre
Soggetti:
Tags: Aggiungi Tag
Nessun Tag, puoi essere il primo ad aggiungerne!!

MARC

LEADER 00000nam a2200000 a 4500
001 UCZ0344
003 CL-VaPUC
008 950728e19670000FR |||||||||||||||||fre|d
082 0 4 |a 843  |b SAI  |2 21 
100 0 |a Saint Pierre, Michel de  |e author  |9 343108 
245 1 3 |a Le drame des Romanov 
300 |a v 1 
942 |c BK 
945 |d 19950728 00:00:00  |a rbrito 
260 |a París  |b Robert Laffont  |c 1967 
500 |a v.1: L' ascension 
650 0 |a Novela francesa  |9 264985 
583 |a last modification  |c 19950728 00:00:00  |k Rodrigo Vera 
490 0 |a Oeuvres de Michel de Saint Pierre 
999 |c 237284  |d 237282 
952 |0 0  |1 0  |4 0  |6 843_000000000000000_SAI_1967  |7 0  |8 A  |9 246197  |a BIBEDU  |b BIBEDU  |d 2019-11-18  |h v.1  |i 3099849  |o 843 SAI 1967  |p 3099849  |r 2019-11-18  |w 2019-11-18  |y BK  |k LIT